| 000 | 00822nam a22002177a 4500 | ||
|---|---|---|---|
| 999 |
_c21006 _d21006 |
||
| 003 | AR-CdUCM | ||
| 008 | 190724b ||||| |||| 00| 0 spa d | ||
| 040 |
_aMUNICIPALIDAD PROVINCIAL DEL CUSCO _cBIBLIOTECA MUNICIPAL DEL CUSCO |
||
| 082 |
_a050.985 / _bT77 / 1983 |
||
| 100 |
_aTovar, Teresa _94251 |
||
| 245 | _aLas luchas populares en el siglo XIX (1780-1920) / | ||
| 260 |
_aLima : _bDESCO, _c1983. |
||
| 300 |
_a55 páginas ; _bilustraciones ; fotografías ; _c20 cm. |
||
| 440 |
_aSerie-B-Documentos _n6 _943798 |
||
| 505 | _aContenido : Independencia, estado oligárquico y luchas populares -- Principales movilizaciones populares 1870-1930 | ||
| 650 |
_aMovilizaciones _910325 |
||
| 650 |
_aLuchas _96249 |
||
| 710 |
_aCentro de estudios y promoción del desarrollo _93974 |
||
| 942 |
_2ddc _cLIBROS |
||
| 945 | _azta | ||